01438nam a2200373 a 4500001001200000003000800012006001900020007001500039008004100054020001800095020002700113040002100140035002100161050002400182100001900206245014800225250001200373260005300385300001400438490003400452504005100486533015200537650003000689650002300719655002900742700001700771700001900788700002500807700001900832710001700851830005100868856012600919999001901045ebr10541131CaPaEBRm u cr cn|||||||||120330s2012 ilu sb 001 0 eng d z9780838911549 z9780838994085 (e-book) aCaPaEBRcCaPaEBR a(OCoLC)78784916814aZ997.A1bJ47 2012eb1 aJerrard, Jane.10aPrivatizing librariesh[electronic resource] /cJane Jerrard, Nancy Bolt, and Karen Strege ; forewords by Patricia A. Tumulty and Marci Merola. a3rd ed. aChicago :bAmerican Library Associations,c2012. axi, 56 p.1 aALA editions. Special reports aIncludes bibliographical references and index. aElectronic reproduction.bPalo Alto, Calif. :cebrary,d2011.nAvailable via World Wide Web.nAccess may be limited to ebrary affiliated libraries. 0aLibrariesxPrivatization. 0aPrivate libraries. 7aElectronic books.2local1 aBolt, Nancy.1 aStrege, Karen.1 aTumulty, Patricia A.1 aMerola, Marci.2 aebrary, Inc. 0aSpecial reports (American Library Association)40uhttp://site.ebrary.com/lib/rucke/Doc?id=10541131zAn electronic book accessible through the World Wide Web; click to view c246923d246923